|
|
|
|
| LEADER |
00000cam a2200000 7i4500 |
| 001 |
0000147708 |
| 005 |
20230214.0 |
| 008 |
230214s2021 my a xb k may |
| 020 |
|
|
|a 9789672714095
|
| 020 |
|
|
|a 9789672714132 (set)
|
| 040 |
|
|
|a PERPUSTAM
|b eng
|c PERPUSTAM
|e rda
|
| 041 |
|
|
|a may
|
| 090 |
0 |
0 |
|a J 616.2414
|b MES
|
| 100 |
0 |
|
|a Mestika Ain ,
|d 1968- ,
|e author
|
| 245 |
1 |
0 |
|a SELAMAT KEMBALI KE SEKOLAH DENGAN NORMA BAHARU
|c MESTIKA AIN
|
| 264 |
|
1 |
|a Petaling Jaya, Selangor :
|b JDB RESOURCES
|c 2022
|
| 300 |
|
|
|a 14 pages :
|b colour illustrations ;
|c 26 cm.
|
| 336 |
|
|
|a text
|2 rdacontent
|
| 337 |
|
|
|a unmediated
|2 rdamedia
|
| 338 |
|
|
|a volume
|2 rdacarrier
|
| 490 |
1 |
|
|a SIRI MENANGANI COVID-19 DI SEKOLAH
|
| 650 |
1 |
0 |
|a Health education
|
| 650 |
2 |
0 |
|a COVID-19 (Disease)
|
| 650 |
2 |
0 |
|a COVID-19 (Disease)
|x Treatment
|
| 830 |
|
0 |
|a Siri menangani Covid-19 di sekolah
|
| 999 |
|
|
|a 0000756179
|b Buku
|c Koleksi Pinjaman Kanak-Kanak
|e Perbadanan Perpustakaan Awam Melaka
|
| 999 |
|
|
|a 0000756180
|b Buku
|c Koleksi Pinjaman Kanak-Kanak
|e Perbadanan Perpustakaan Awam Melaka
|
| 999 |
|
|
|a 0000756181
|b Buku
|c Koleksi Pinjaman Kanak-Kanak
|e Perbadanan Perpustakaan Awam Melaka
|
| 999 |
|
|
|a 0000756182
|b Buku
|c Koleksi Pinjaman Kanak-Kanak
|e Perpustakaan Cawangan Jasin
|
| 999 |
|
|
|a 0000756183
|b Buku
|c Koleksi Pinjaman Kanak-Kanak
|e Perpustakaan Cawangan Masjid Tanah
|
| 999 |
|
|
|a 0000756184
|b Buku
|c Koleksi Pinjaman Kanak-Kanak
|e Perpustakaan Cawangan Merlimau
|
| 999 |
|
|
|a 0000756185
|b Buku
|c Koleksi Pinjaman Kanak-Kanak
|e Perpustakaan Komuniti UTC Melaka
|
| 999 |
|
|
|a 0000756186
|b Buku
|c Koleksi Pinjaman Kanak-Kanak
|e Perbadanan Perpustakaan Awam Melaka
|
| 999 |
|
|
|a 0000756187
|b Buku
|c Koleksi Pinjaman Kanak-Kanak
|e PK Aeon Jaya Jusco
|